Dato' Haji Muhammad bin Nasir : sumbangannya kepada pendidikan Islam /
Saved in:
| Main Author: | |
|---|---|
| Format: | Thesis Book |
| Language: | Malay |
| Published: |
2002.
|
| Subjects: | |
| Online Access: | http://studentsrepo.um.edu.my/id/eprint/2255 |
| Tags: |
Add Tag
No Tags, Be the first to tag this record!
|
| LEADER | 01199cam a2200289 a 4500 | ||
|---|---|---|---|
| 001 | u504251 | ||
| 003 | SIRSI | ||
| 008 | 990618s2002 my ab t 00 10 may m | ||
| 035 | |a ACV-7280 | ||
| 040 | |a UMM | ||
| 043 | |a a-my--- | ||
| 090 | |a BP42 |b A2 UM 2002 Mohza | ||
| 100 | 0 | 0 | |a Mohd Zahiruddin Ahmad. |
| 245 | 1 | 0 | |a Dato' Haji Muhammad bin Nasir : |b sumbangannya kepada pendidikan Islam / |c Mohd Zahiruddin bin Ahmad @ Mohd Zain. |
| 260 | |c 2002. | ||
| 300 | |a xix, 168 leaves : |b ill., map ; |c 30 cm. | ||
| 502 | |a Dissertation (M.Usuluddin) -- Bahagian Pengajian Usuluddin, Akademi Pengajian Islam, Universiti Malaya, 2001. | ||
| 504 | |a Bibliography: leaves 338-137. | ||
| 600 | 0 | 0 | |a Muhammad Nasir, |c Dato', Haji, |d 1916-1997 |x Contributions in education. |
| 650 | 0 | |a Scholars, Muslim |z Malaysia. | |
| 650 | 0 | |a Islam and politics |z Malaysia. | |
| 650 | 0 | |a Islamic education |z Malaysia. | |
| 710 | 1 | 0 | |a Universiti Malaya. |b Akademi Pengajian Islam. |b Bahagian Pengajian Usuluddin. |
| 856 | 4 | 1 | |u http://studentsrepo.um.edu.my/id/eprint/2255 |
| 948 | |a 16/09/2002 |b 16/09/2004 | ||
| 596 | |a 1 | ||
| 999 | |a BP42 A2 UM 2002 MOHZA |w LC |c 1 |i A510830416 |d 16/10/2016 |e 16/10/2016 |l STACKS |m P01UTAMA |n 11 |r Y |s Y |t TESIS |u 15/9/2004 | ||
